El segundo sexo

I tiakina i:
Ngā taipitopito rārangi puna kōrero
Kaituhi matua: Beauvoir, Simone de (autora)
Hōputu: Pukapuka
I whakaputaina: Buenos Aires, Argentina: Ediciones Siglo Veinte, 1972.
Ngā marau:
Ngā Tūtohu: Tāpirihia he Tūtohu
Kāore He Tūtohu, Me noho koe te mea tuatahi ki te tūtohu i tēnei pūkete!

MARC

LEADER 00000nam a22000007a 4500
003 CL-VaPUC
005 20241121124006.0
008 241118t1972 ||||| |||| 00| 0 eng d
999 |c 445759  |d 445757 
040 |c Pontificia Universidad Católica de Valparaíso 
082 0 4 |a 305.4 BEA 1972  |2 21 
100 |a Beauvoir, Simone de  |e autora  |9 319247 
245 1 3 |a El segundo sexo 
260 |a Buenos Aires, Argentina:  |b Ediciones Siglo Veinte,  |c 1972. 
300 |a 2 tomos.  
500 |a c.1.t.I. Donación Biblioteca de Educación Memo s/n/ 6-11-2024. 
583 |a last modification  |c 19930712 00:00:00  |k Cristina María Rojas Aguilar 
650 0 |a Mujeres  |9 257649 
942 |c BK  |2 ddc 
952 |0 0  |1 0  |2 ddc  |4 0  |6 305_400000000000000_BEA_1972  |7 0  |8 A  |9 598081  |a BIBEDU  |b BIBEDU  |d 2024-11-18  |e Donación   |h t.I  |i 5663292  |o 305.4 BEA 1972  |p 5663292  |r 2024-11-18  |t 1  |w 2024-11-18  |y BK  |k EDU